Synonym or Antonym? - Statistics

General Stats
  • This quiz has been taken 978 times
  • The average score is 8 of 12
Answer Stats
Question Answer % Correct
"Comprehensible" and "Incomprehensible" Antonyms
96%
"Synonym" and "Antonym" Anyonyms
96%
"Disgruntled" and "Exasperated" Synonyms
90%
"Alleviate" and "Intensify" Antonyms
85%
"Motley" and "Uniform" Antonyms
79%
"Heritable" and "Inheritable" Synonyms
59%
"Flammable" and "Inflammable" Synonyms
58%
"Emancipated" and "Fettered" Antonyms
57%
"Bemused" and "Nonplussed" Synonyms
52%
"Depreciate" and "Gasconade" Antonyms
46%
"Deprivation" and "Privation" Synonyms
39%
"Habitable" and "Inhabitable" Synonyms
23%
No matching quizzes found
Score Distribution
Percent of People with Each Score
Percentile by Number Answered
Your Score History
You have not taken this quiz